Encapsulated voices
| Titel: | Encapsulated voices / ed. by Jaan Ross |
|---|---|
| Teil: | CD |
| Veröffentlicht: | Köln [u.a.] : Böhlau, 2012 |
| Umfang: | 1 CD-ROM audio ; 12 cm |
| Format: | Tonträger |
| Sprache: | Sprache nicht angegeben |
| Schriftenreihe/ mehrbändiges Werk: |
Encapsulated voices / ed. by Jaan Ross ; CD alle Bände anzeigen
|
| ISBN: | 9783412209117 |
| Hinweise zum Inhalt: |
Inhaltsverzeichnis
Auszug Inhaltstext |
alg: 30902122
001A $06000:20-09-12
001B $01999:05-08-24 $t12:57:04.000
001D $00077:15-01-14
001U $0utf8
001X $00
002@ $0Gfu
003@ $0309021227
003O $0811260949 $aOCoLC
004A $A978-3-412-20911-7 $f: EUR 29.90 (DE), EUR 30.80 (AT)
004A $fin Bucheinbandtasche
006G $01024113671
006U $012,A38 $f20120710
007A $01024113671 $aDNB
009P $qapplication/pdf $A2 $3Inhaltsverzeichnis $uhttp://www.newbooks-services.de/MediaFiles/Texts/7/9783412209117_TOC_001.pdf $mX:MVB
009P $qapplication/pdf $A2 $3Auszug $uhttp://www.newbooks-services.de/MediaFiles/Texts/7/9783412209117_Excerpt_001.pdf $mX:MVB
009P $qtext/html $A2 $3Inhaltstext $uhttp://deposit.dnb.de/cgi-bin/dokserv?id=4019169&prov=M&dok_var=1&dok_ext=htm $mX:MVB
010@ $aund
011@ $a2012
016A $aDf
033A $pKöln {[u.a.] $nBöhlau
034D $a1 CD-ROM audio
034I $a12 cm
036C $aEncapsulated voices $xcd $hed. by Jaan Ross $lCD
036D $xcd $8Encapsulated voices : Estonian sound recordings from the German prisoner-of-war camps in 1916 - 1918 / ed. by Jaan Ross $9309018765
045E $c490 $c390 $c940
045F $a900.947980904 $eDDC23BSB
045F/01 $a900
045F/03 $f0904
045F/03 $f09041
045F/03 $g4798
045F/03 $g43
045G $a400 $eDDC23BSB
045G/01 $a400
045G/03 $g4798
lok: 30902122 24
101B $030-01-13 $t15:15:25.000
101C $030-01-13
101U $0utf8
145Z/01 $a47 7 Nk
145Z/02 $a66 7 K
145Z/03 $a66 7 Nk
145Z/04 $a47 10 B
exp: 30902122 24 1 #EPN
201B/01 $030-01-13 $t15:15:25.000
201C/01 $030-01-13
201U/01 $0utf8
203@/01 $0661566242
208@/01 $a30-01-13 $bz
209A/01 $aMK 422 $dd $f050 $hMK 422 $x00 $ic
220C/01 $ahae
247C/01 $8358050-7 Marburg, Bibliothek des Herder-Instituts Marburg $9102600961
lok: 30902122 25
exp: 30902122 25 1 #EPN
201B/01 $016-12-25 $t10:57:53.000
201C/01 $015-01-14
201U/01 $0utf8
203@/01 $0725666404
208@/01 $a15-01-14 $bzis
209A/01 $a092 CD 12 $dd $f127 $x00
209A/01 $aTEf 2010 $x09
209C/01 $a4/14
209G/01 $a77089001 $x00
209G/01 $aOsteuropäische Geschichte / Separiert $x01
237A/01 $aCD bestellen
247C/01 $8651127-2 <77/127>Mainz, Universität Mainz, Bereichsbibliothek Philosophicum, separierte Bestände $9428727336
| LEADER | 00000cim a2200000 cc4500 | ||
|---|---|---|---|
| 001 | 309021227 | ||
| 003 | DE-603 | ||
| 005 | 20240805125704.0 | ||
| 007 | s||||||||||||| | ||
| 007 | co|||||||||||| | ||
| 008 | 120920s2012 xx |||||||||||||||||und | ||
| 015 | |a 12,A38 |2 dnb | ||
| 016 | 7 | |2 DE-101 |a 1024113671 | |
| 020 | |a 9783412209117 |c : EUR 29.90 (DE), EUR 30.80 (AT) | ||
| 035 | |a (DE-599)DNB1024113671 | ||
| 035 | |a (OCoLC)811260949 | ||
| 040 | |a DE-603 |b ger |c DE-603 |d DE-603 | ||
| 041 | |a und | ||
| 082 | 0 | 4 | |8 1\u |a 900.947980904 |q DE-101 |2 23/BSB |
| 083 | 0 | |8 2\u |a 400 |q DE-101 |2 23/BSB | |
| 084 | |a 490 |a 390 |a 940 |q DE-101 |2 sdnb | ||
| 085 | |8 1\u |b 900 | ||
| 085 | |8 1\u |z 1 |s 0904 | ||
| 085 | |8 1\u |z 1 |s 09041 | ||
| 085 | |8 1\u |z 2 |s 4798 | ||
| 085 | |8 1\u |z 2 |s 43 | ||
| 085 | |8 2\u |b 400 | ||
| 085 | |8 2\u |z 2 |s 4798 | ||
| 245 | 0 | 0 | |a Encapsulated voices |n CD |c ed. by Jaan Ross |
| 264 | 1 | |a Köln [u.a.] |b Böhlau |c 2012 | |
| 300 | |a 1 CD-ROM audio |c 12 cm | ||
| 773 | 0 | 8 | |q cd |w (DE-603)309018765 |
| 856 | 4 | 2 | |m X:MVB |q application/pdf |u http://www.newbooks-services.de/MediaFiles/Texts/7/9783412209117_TOC_001.pdf |3 Inhaltsverzeichnis |
| 856 | 4 | 2 | |m X:MVB |q application/pdf |u http://www.newbooks-services.de/MediaFiles/Texts/7/9783412209117_Excerpt_001.pdf |3 Auszug |
| 856 | 4 | 2 | |m X:MVB |q text/html |u http://deposit.dnb.de/cgi-bin/dokserv?id=4019169&prov=M&dok_var=1&dok_ext=htm |3 Inhaltstext |
| 924 | 0 | |9 Mb 50 |a (DE-603)661566242 |b DE-Mb50 |c HES |d d |g MK 422 | |
| 924 | 0 | |9 77/127 |a (DE-603)725666404 |b DE-77-127 |c HES |d d |g 092 CD 12 |i TEf 2010 | |
alle Bände anzeigen

